000 03499nam0a2200385 4500
001 RU\NLR\BIBL_A\012308169
005 20200827112808.0
010 _a978-5-502-01194-5
_9100
021 _aRU
_bКН-П-20-020433
_9КН-П-20-1595
035 _a(NLR Aleph) 012308169
035 _a(RuMoRGB)010320820
090 _a11356918
_c11356918
100 _a20200805d2019 u y0rusy50 ca
101 0 _arus
102 _aRU
105 _aa|||z|||000zy
181 0 _ai
_baxxe
182 0 _an
200 1 _aМашины и аппараты предприятий основной химии
_eоборудование для тепловых, массообменных и химических процессов
_eучебное пособие для студентов всех форм обучения по направлению подготовки бакалавров "Технологические машины и оборудование", профиль "Технологическое оборудование химических и нефтехимических производств"; по направлению подготовки бакалавров "Энерго- и ресурсосберегающие процессы в химической технологии, нефтехимии и биотехнологии", профиль "Машины и аппараты химических производств", и специальности "Проектирование технологических машин и комплексов"
_fВ. М. Ульянов, А. А. Сидягин
_gМинистерство науки и высшего образования Российской Федерации, Федеральное государственное бюджетное образовательное учреждение высшего образования "Нижегородский государственный технический университет им. Р. Е. Алексеева", Дзержинский политехнический институт (филиал)
203 _aТекст
_bвизуальный
_cнепосредственный
210 _aНижний Новгород
_cНижегородский государственный технический университет им. Р.Е. Алексеева
_d2019
215 _a359 с.
_cил.
_d20
320 _aБиблиогр.: с. 358-359
606 1 _aХимическое оборудование
_jУчебные издания для высших учебных заведений
_2nlr_sh2
_3RU\NLR\AUTH\661318429
606 1 _aТеплообменные аппараты
_jУчебные издания для высших учебных заведений
_2nlr_sh1
_2nlr_sh2
_3RU\NLR\AUTH\6688202
606 1 _aМассообменные аппараты
_jУчебные издания для высших учебных заведений
_2nlr_sh1
_2nlr_sh2
_3RU\NLR\AUTH\661259962
606 1 _aХимические реакторы
_jУчебные издания для высших учебных заведений
_2nlr_sh2
_3RU\NLR\AUTH\661269541
686 1 _aЛ11-5я73-1
700 1 _aУльянов
_bВ. М.
_gВладимир Михайлович
701 1 _aСидягин
_bА. А.
_gАндрей Ананьевич
942 _cBOOK
980 _aNBR
980 _aNB